000 00584nam a2200145Ia 4500
008 180921t xxu||||| ||||o00| 0 eng d
041 _aeng
080 _aThe Ordinances Of Ceylon 1946
245 _aordinance No.26 of 1946. L.D.-O.23/46/M.L.A.-BA.666. An ordinance To Make Provision For The Payment of Allowances In Respect of The Increased Cost of Living To Pensioners of Local Authorities, And To Validate Certain Such Payments Heretofore Made.[ Date o
300 _a23 cm
650 _aLocal Authorities,
942 _cBK
999 _c50085
_d50085
003 LK-CoDNM
040 _aLK-CoDNM
_dLK-CoDNM
_eLK-CoDNM